[Event "SCC Friday Night Playoff Armageddon Game"]
[Site "Seattle, WA"]
[Date "2024.05.10"]
[Round "?"]
[White "Loving, Jason"]
[Black "van Eerde, Matthew"]
[Result "1-0"]
[WhiteElo "2067"]
[BlackElo "1798"]
[Annotator "Jason Loving"]
[PlyCount "53"]
[GameId "2055220698821436"]
[EventDate "2024.05.10"]
[EventType "blitz"]
[SourceVersionDate "2020.12.21"]

{[%evp 0,53,19,38,40,41,66,66,57,33,33,38,58,65,49,50,71,62,65,65,66,74,82,98,121,94,140,130,133,144,137,115,126,137,148,136,159,165,184,193,191,196,283,246,246,332,332,332,353,282,324,235,531,691,1088,628] Matt had held me to a draw in an earlier game, leading to us tying for first place and playing this Armageddon game for first. [The rules specified a single winner of the Championship. – JS] Initially, I had planned to bid an hour and fifteen minutes to take Black and get draw odds, but after more reflection I realized both Matt and I played the Najdorf Sicilian exclusively as Black (a fighting and double-edged opening). So instead I bid an hour and 43 minutes (which was almost certain to give me the white side). By taking White, I would be forcing him to either choose an opening he didn't know as well as the Najdorf, or he would play the double-edged Najdorf (not ideal when all you need is a draw).} 1. e4 c5 2. Nf3 d6 3. d4 cxd4 4. Nxd4 Nf6 5. Nc3 a6 {The Najdorf Sicilian. Black plays 5...a6 with the plan to play ...e5 in the near future. While the d6-pawn is a backwards pawn, Black’s activity compensates.} 6. Bg5 {The “old” mainline (More common is Be3 nowadays). As I understand it, this isn’t played at the highest levels anymore as after 6...e6 7.f4 Qb6!? 8.Qd2 Qxb2 9. Rb1 Qa3, Black has played the “Poison Pawn Variation” which has been analyzed extensively to be a draw with accurate play. However, I haven’t yet run into anyone who has found it valuable enough to memorize 30 moves for a forced draw, so I still play it.} e5 {Against Be3, Be2, and other common tries by white, this is the "automatic" move. As I understand it, it's not preferred against Bc4 or Bg5 because white already has extra control over the d5 square.} 7. Bxf6 {This was where my preparation ended. The idea is that while I’m giving up the bishop pair, my control over d5 is going to be unparalleled (making the weakness on d6 very aggravating for Black) and Black will almost be required to give up his light-squared Bishop for my Knight.} gxf6 {Avoiding moving the Queen twice. The move ...gxf6 looks odd, but it often is played in different lines.} (7... Qxf6 8. Nd5 Qd8 9. Nf5 Bxf5 10. exf5 {is a position I’ve had before. The computer rates it as roughly equal, though I’d prefer the white side.}) 8. Nf5 Bxf5 {The knight on f5 is too strong to be ignored with its pressure on d6 and caging effect on the f8-Bishop.} 9. exf5 {Black is slightly behind in development and doesn’t have control over d5, but given a few turns, can fix these problems; so White needs to play actively.} Nd7 10. Bc4 Nb6 11. Bb3 Qd7 12. Qh5 d5 13. O-O-O {The last few moves have been very natural from both sides. Both are looking to develop and castle as quickly as possible, while trying to contest the d5-square.} d4 {An unfortunate necessity. Black would love to castle queenside, but then d5 falls. While this move keeps the d-pawn, it releases White’s bishop.} 14. Ne4 Qe7 {I thought 14...Bg7 was a try, but Matt pointed out after the game that it loses immediately to 15.Bxf7+!, as if 15...Qxf7 16.Nd6+ wins.} 15. Rhe1 {A soft move by me that doesn’t contest Black’s lack of development enough. Instead, 15.Be6! prevents Black from castling, e.g., 15.Be6 Nd7 16.Bxd7+ Kxd7 17.c3 Rc8 18.Kb1 Kc7 19.cxd4 exd4 20.Rxd4. Compared to the game, Black still needs one more turn to get his King to safety and I’ve claimed the central pawns, instead of the measly f7-pawn.} O-O-O $1 {It’s important to understand that Black can’t stay in the center any longer due to threats of Rxd4, Be6, c3, or f4. This gives up the f7-pawn, but resolves Black’s biggest concern, the lack of development.} 16. Bxf7 Bg7 {Analyzing afterwards, Matt was self-critical about this move. While it’s not an ideal square for the bishop, it does allow Black to complete development; so I’m inclined to think it’s fine.} 17. Kb1 {The most pressing continuation is the immediate f4 to challenge Black’s center, but without immediate threats from Black, I took the time to better protect my king.} Kb8 {Clearly Matt had the same idea.} 18. f4 {If not this, it’s hard to find another path forward for White. Black’s center is strong and, given a few spare moves, he could begin a queenside attack (his pawns are pointing there) with doubling the Rooks on the c-file, ...Nc4, and ...Qb4.} Rd7 {Freeing up squares for the h8-rook and preparing to put pressure on the c-file.} 19. Be6 Rc7 20. Qh4 {This move was difficult for me to decide on. There seemed to be many options - 20.Rd3 or 20.g4 both seemed like plausible ideas, but I wanted to remain flexible. My Queen is far away from the rest of the army and not contributing. This puts pressure on Black’s center and gives the ability to swing to the queenside via g3 quickly, if needed.} Na4 $2 {Black has a difficult position after a more pedestrian 20...h5, but the text makes the position much harder, as now the Bishop can come to b3 with tempo after 21.fxe5 fxe5 22.Qxe7. After 20...h5 21.fxe5 fxe5 22.Qxe7 Rxe7 23.Rf1 Rh6, White’s got the upper hand with the extra passed f-pawn, but Black isn’t in immediate danger.} 21. fxe5 Qb4 {A necessity, as Black loses material with 21...fxe5? 22.Qxe7 Rxe7 23.Bb3 and, after the knight moves, 24.f6.} 22. Bb3 fxe5 23. f6 {Pushing the passed pawn and burying Black’s Bishop and Rook, which slows down my opponent’s potential attack on the queenside.} Bf8 24. Qg3 {Threatening e5, keeping Black’s h8-Rook holed in, and adding another defender to c3 to avoid sacrifices by Black.} Qb5 {Protecting e5.} 25. f7 {Threatening Qg8, if Black isn’t careful. Matt pointed out after the game that White can immediately cash in with 25.Bxa4 Qxa4 26.Qxe5. In the game, I didn’t like that Black would be able to get in ...Qxc2+, but Black is in a difficult position afterwards. Matt pointed out that this was still good for White. After 27.Ka1, Black has to play 27...Bh6 to prevent Rc1, e.g., 28.Qxd4 Rhc8 29.a3 and White is up two pawns.} Bh6 $4 {This forfeits control over d6. Before this, Black’s position was tough, but playable. Now, it’s no longer playable. 25...Bb4 26.Rf1 Rhc8 was what I had calculated, thinking that 27.Qg8 might be a shot, but after 27...Bf8!, Black is still in the game: White’s Queen is misplaced and Black has finished development to target White’s queenside. Instead, 27.Rf5 is the right idea to keep pressing Black’s center.} 26. Nd6 {This forks Black’s Queen and c8. While there’s nothing on c8 currently, Black needs to be able to play ...Rcc8 to defend against Qg8. Now that’s no longer an option.} Qc5 27. Qg8+ {And Black is losing at least a rook. If the King moves, the Rook on h8 falls. If 27...Rcc8, then 28.Nxc8 Qxc8 29.Rxe5! and Black is down an exchange and will lose significantly more material after Re8 is played.} 1-0